[Event "6. Open Veteranos de Calviá"]
[Site "Calviá ESP"]
[Date "2006.10.24"]
[Round "5.17"]
[White "Alonso Igual, Ignacio"]
[Black "Pomar Mir, Francisco"]
[Result "0-1"]
[WhiteElo "1899"]
[BlackElo "1996"]
[PlyCount "129"]
[EventDate "2006.10.20"]
[EventType "swiss"]
[EventRounds "9"]
[EventCountry "ESP"]
[Source "lmi"]
[SourceDate "2006.10.20"]

1. e4 c5 2. c3 d5 3. exd5 Qxd5 4. d4 e6 5. Nf3 Nf6 6. Be2 Nc6 7. O-O Be7 8.
dxc5 Qxd1 9. Rxd1 Bxc5 10. b4 Bb6 11. b5 Ne7 12. Ba3 Ne4 13. Rf1 Nd5 14. c4 Nf4
15. Bd1 Nd3 16. c5 Ndxc5 17. Bc2 Bd7 18. Bxc5 Nxc5 19. Nc3 f6 20. a4 Kf7 21.
Ne4 Nxe4 22. Bxe4 Rab8 23. Rfd1 Ke7 24. a5 Bc7 25. Bd3 Rbd8 26. Bc4 Bc8 27. Re1
g5 28. Rec1 Bb8 29. a6 b6 30. Rd1 e5 31. Ne1 Bg4 32. f3 Bf5 33. Bd3 Be6 34.
Rab1 Bd6 35. Kf1 h5 36. Nc2 Rd7 37. Ne3 Bc5 38. Ke2 Rhd8 39. h3 Bxe3 40. Kxe3
Bc4 41. Be2 Rxd1 42. Bxd1 Bxb5 43. Be2 Bxe2 44. Kxe2 Rd4 45. Ra1 Kd6 46. g4 h4
47. Ke3 b5 48. Rc1 Ra4 49. Rc8 Rxa6 50. Rd8+ Kc5 51. Rc8+ Kb4 52. Ke4 Rb6 53.
Kf5 a5 54. Rf8 a4 55. Rxf6 Rxf6+ 56. Kxf6 a3 57. Kxe5 a2 58. Kf5 a1=Q 59. Kxg5
Kc5 60. f4 b4 61. f5 Qg7+ 62. Kxh4 Qh6+ 63. Kg3 b3 64. h4 b2 65. g5 0-1

[Event "6. Open Veteranos de Calviá"]
[Site "Calviá ESP"]
[Date "2006.10.24"]
[Round "5.18"]
[White "Lastras Hernandez, Tomas"]
[Black "Diaz Begonte, Manuel"]
[Result "0-1"]
[WhiteElo "1986"]
[BlackElo "1897"]
[PlyCount "118"]
[EventDate "2006.10.20"]
[EventType "swiss"]
[EventRounds "9"]
[EventCountry "ESP"]
[Source "lmi"]
[SourceDate "2006.10.20"]

1. d4 d6 2. c4 g6 3. Nc3 Bg7 4. Nf3 e6 5. e4 Ne7 6. Be2 O-O 7. O-O c5 8. Be3 b6
9. Qd2 Nbc6 10. d5 exd5 11. exd5 Ne5 12. Nxe5 Bxe5 13. Bf4 Bxf4 14. Qxf4 Nf5
15. Bd3 Qh4 16. Qxh4 Nxh4 17. Rfe1 Bf5 18. Bxf5 Nxf5 19. g4 Nd4 20. Re7 Rfe8
21. Re4 f5 22. gxf5 gxf5 23. Rf4 Re5 24. a4 Kf7 25. Kf1 a6 26. Rb1 Kg6 27. Rh4
Nf3 28. Rh3 Nd2+ 29. Kg2 Nxb1 30. Nxb1 Re4 31. Na3 Rg4+ 32. Kf1 Re8 33. Rb3 Rb8
34. f3 Rh4 35. Kg2 Kf6 36. Kg3 Rd4 37. f4 Re4 38. a5 b5 39. cxb5 axb5 40. Rxb5
Rxb5 41. Nxb5 Ke7 42. a6 Ra4 43. a7 Kd7 44. b3 Ra2 45. h3 Kc8 46. Kh4 Kb7 47.
Nxd6+ Kxa7 48. Nxf5 Ra3 49. Kg5 Rxb3 50. h4 c4 51. Kf6 Rd3 52. Nd6 c3 53. Nb5+
Kb6 54. Nxc3 Rxc3 55. Ke6 Kc7 56. f5 Re3+ 57. Kf7 Rh3 58. f6 Rxh4 59. Kg7 Rf4
0-1

[Event "6. Open Veteranos de Calviá"]
[Site "Calviá ESP"]
[Date "2006.10.24"]
[Round "5.19"]
[White "Solsona Manonelles, Josep"]
[Black "Perez Cameselle, Francisco"]
[Result "1/2-1/2"]
[WhiteElo "1832"]
[BlackElo "1981"]
[PlyCount "59"]
[EventDate "2006.10.20"]
[EventType "swiss"]
[EventRounds "9"]
[EventCountry "ESP"]
[Source "lmi"]
[SourceDate "2006.10.20"]

1. d4 Nf6 2. c4 c5 3. d5 e6 4. Nc3 exd5 5. cxd5 d6 6. e4 g6 7. Nf3 Bg7 8. Bc4
O-O 9. O-O Re8 10. Re1 a6 11. a4 Nbd7 12. h3 b6 13. Bf4 Qc7 14. e5 Nxe5 15.
Nxe5 dxe5 16. d6 Qd8 17. Bxe5 Be6 18. Nd5 Bxd5 19. Bxd5 Nxd5 20. Qxd5 Rxe5 21.
Rxe5 Bxe5 22. Qxe5 Qd7 23. b3 Re8 24. Qd5 Re6 25. Rd1 a5 26. Qa8+ Re8 27. Qa6
Rb8 28. Qe2 Rd8 29. Qe5 Re8 30. Qd5 1/2-1/2

[Event "6. Open Veteranos de Calviá"]
[Site "Calviá ESP"]
[Date "2006.10.24"]
[Round "5.20"]
[White "Febrero Perez, Lluis"]
[Black "Pellicer Sancho, Rafael Jose"]
[Result "0-1"]
[WhiteElo "1754"]
[BlackElo "1961"]
[PlyCount "68"]
[EventDate "2006.10.20"]
[EventType "swiss"]
[EventRounds "9"]
[EventCountry "ESP"]
[Source "lmi"]
[SourceDate "2006.10.20"]

1. e4 g6 2. Nf3 Bg7 3. c3 c5 4. d4 cxd4 5. cxd4 d6 6. Bb5+ Bd7 7. Bxd7+ Nxd7 8.
Nc3 Nb6 9. O-O Nf6 10. Rb1 O-O 11. Bg5 h6 12. Bh4 Re8 13. Qe2 Rc8 14. e5 dxe5
15. dxe5 Nh7 16. e6 f5 17. Ne5 g5 18. Nf7 Qd4 19. Bg3 f4 20. Bh4 f3 21. Qxf3
Qxh4 22. g3 Qc4 23. Ne4 Qxe6 24. Nxh6+ Bxh6 25. Rfe1 Qf7 26. Qg4 Nf6 27. Qd1
Nxe4 28. Rxe4 Bg7 29. Qg4 Rc4 30. Rxc4 Qxc4 31. Qxg5 Qc2 32. Rc1 Qxb2 33. Rc7
Qb1+ 34. Kg2 Qe4+ 0-1

[Event "6. Open Veteranos de Calviá"]
[Site "Calviá ESP"]
[Date "2006.10.25"]
[Round "6.1"]
[White "Leskovar, Mario"]
[Black "Ermenkov, Evgenij"]
[Result "1/2-1/2"]
[WhiteElo "2373"]
[BlackElo "2455"]
[PlyCount "111"]
[EventDate "2006.10.20"]
[EventType "swiss"]
[EventRounds "9"]
[EventCountry "ESP"]
[Source "lmi"]
[SourceDate "2006.10.20"]

1. e4 c5 2. Nf3 d6 3. d4 cxd4 4. Nxd4 Nf6 5. Nc3 Nc6 6. f4 e5 7. Nf3 Be7 8. Bd3
Qb6 9. a3 O-O 10. Na4 Qc7 11. O-O exf4 12. Bxf4 Bg4 13. Qe1 Rfe8 14. Kh1 Bh5
15. Nc3 Bg6 16. Qf2 a6 17. h3 Ne5 18. Bg5 Ned7 19. Rae1 Rac8 20. Be3 Ne5 21.
Bd4 b5 22. Nh4 Qd7 23. Qg3 Nh5 24. Qf2 Nf6 25. Rd1 Nxd3 26. cxd3 Bd8 27. Rc1
Qe6 28. Rcd1 Nd7 29. Nxg6 hxg6 30. Nd5 Ne5 31. Bxe5 dxe5 32. Qd2 g5 33. Qf2 g6
34. Rc1 Rxc1 35. Rxc1 Kg7 36. g4 Qd7 37. Kg2 Re6 38. Qc5 Rd6 39. Rc3 Kh7 40.
Kg3 f5 41. Qc8 f4+ 42. Kh2 Qxc8 43. Rxc8 Kg7 44. Kg2 Kf7 45. Ra8 Ke8 46. Ra7
Rc6 47. Nb4 Rc1 48. Rxa6 Rb1 49. Re6+ Kf7 50. Rxe5 Rxb2+ 51. Kf1 Rb1+ 52. Ke2
Rb2+ 53. Ke1 Rb1+ 54. Ke2 Rb2+ 55. Ke1 Rb1+ 56. Ke2 1/2-1/2

[Event "6. Open Veteranos de Calviá"]
[Site "Calviá ESP"]
[Date "2006.10.25"]
[Round "6.2"]
[White "Hutchinson, Paul A"]
[Black "Andersson, Ulf"]
[Result "0-1"]
[WhiteElo "2178"]
[BlackElo "2542"]
[PlyCount "99"]
[EventDate "2006.10.20"]
[EventType "swiss"]
[EventRounds "9"]
[EventCountry "ESP"]
[Source "lmi"]
[SourceDate "2006.10.20"]

1. e4 c5 2. Nf3 e6 3. d4 cxd4 4. Nxd4 Nc6 5. Be3 Nf6 6. Nc3 Bb4 7. f3 O-O 8.
Qd2 d5 9. a3 Qa5 10. Bd3 dxe4 11. fxe4 Bxc3 12. Qxc3 Qxc3+ 13. bxc3 Bd7 14. O-O
Ng4 15. Bd2 Rfd8 16. Rae1 Nge5 17. Nf3 Be8 18. Re3 Rac8 19. Rb1 b6 20. Be1 f6
21. Be2 Bf7 22. h3 Kf8 23. Bg3 Nxf3+ 24. gxf3 e5 25. f4 exf4 26. Bxf4 Ne5 27.
Rf1 Rc5 28. Rg3 Ng6 29. Bc1 Bc4 30. Bxc4 Rxc4 31. Re3 Ne5 32. Kf2 Rdc8 33. Bb2
Ra4 34. Bc1 Kf7 35. Kg1 Rcc4 36. Rfe1 Ke6 37. Kg2 Rc7 38. Rg3 Rac4 39. Bb2 Rd7
40. Bc1 Rc5 41. Kf2 Rdc7 42. Bb2 Rb5 43. Bc1 Rb1 44. Kg2 Ra1 45. h4 g6 46. h5
g5 47. Rge3 Rc5 48. R3e2 Rxc3 49. Rf1 Ra2 50. Rff2 0-1

[Event "6. Open Veteranos de Calviá"]
[Site "Calviá ESP"]
[Date "2006.10.25"]
[Round "6.3"]
[White "Suba, Mihai"]
[Black "Spassov, Liuben"]
[Result "1/2-1/2"]
[WhiteElo "2535"]
[BlackElo "2365"]
[PlyCount "89"]
[EventDate "2006.10.20"]
[EventType "swiss"]
[EventRounds "9"]
[EventCountry "ESP"]
[Source "lmi"]
[SourceDate "2006.10.20"]

1. c4 c5 2. Nf3 Nc6 3. d4 cxd4 4. Nxd4 e6 5. e3 Nf6 6. Nc3 Be7 7. Be2 O-O 8.
O-O b6 9. Ndb5 d6 10. e4 a6 11. Na3 Bb7 12. Be3 Nb8 13. f3 Nbd7 14. Qd2 Qc7 15.
Rac1 Rac8 16. Rfd1 Rfe8 17. Bf1 Qb8 18. Kh1 Ba8 19. Qf2 Bd8 20. b4 Bb7 21. Nab1
Bc7 22. h3 Qa8 23. a3 Qb8 24. Bd4 Rcd8 25. Nd2 d5 26. cxd5 exd5 27. exd5 Bg3
28. Qg1 Bf4 29. Bc4 b5 30. Bb3 Nh5 31. Qf2 Ng3+ 32. Kg1 Nf5 33. Ba7 Qe5 34.
Nde4 Bxc1 35. Rxc1 Nf6 36. Nxf6+ Qxf6 37. Ne4 Qe5 38. g4 Nd6 39. Nxd6 Rxd6 40.
Bc5 Rxd5 41. Bxd5 Qxd5 42. Re1 Rd8 43. Qe3 h6 44. Kf2 Bc6 45. Qc3 1/2-1/2

[Event "6. Open Veteranos de Calviá"]
[Site "Calviá ESP"]
[Date "2006.10.25"]
[Round "6.4"]
[White "Garcia Martinez, Silvino"]
[Black "Bellon Lopez, Juan Manuel"]
[Result "1/2-1/2"]
[WhiteElo "2316"]
[BlackElo "2438"]
[PlyCount "91"]
[EventDate "2006.10.20"]
[EventType "swiss"]
[EventRounds "9"]
[EventCountry "ESP"]
[Source "lmi"]
[SourceDate "2006.10.20"]

1. e4 g6 2. d4 Bg7 3. c3 d6 4. Nf3 a6 5. Bd3 Nd7 6. O-O e6 7. Re1 Ne7 8. a4 b6
9. Bf4 Bb7 10. e5 dxe5 11. Nxe5 Nd5 12. Bg3 Nxe5 13. Bxe5 Bxe5 14. Rxe5 c5 15.
Bf1 O-O 16. dxc5 Qc7 17. Re1 Qxc5 18. Nd2 Rad8 19. Ne4 Qe7 20. Qb3 a5 21. Rad1
Bc6 22. Rd4 Kg7 23. c4 Nb4 24. Rxd8 Rxd8 25. Qc3+ e5 26. b3 Rd4 27. Nd2 Qf6 28.
c5 Nd5 29. Qc2 Nf4 30. Ne4 Bxe4 31. Rxe4 bxc5 32. Re1 Qd6 33. Qc3 Qc7 34. Rc1
Ne6 35. Bc4 Ng5 36. Qe3 h6 37. h3 Qd6 38. Bf1 Ne4 39. Re1 Nd2 40. Qc3 Nxf1 41.
Rxf1 Rb4 42. Rc1 Qd4 43. Qxc5 Rxb3 44. Qxa5 Rb2 45. Qe1 Ra2 46. a5 1/2-1/2

[Event "6. Open Veteranos de Calviá"]
[Site "Calviá ESP"]
[Date "2006.10.25"]
[Round "6.5"]
[White "Coll, Enriques Lluis"]
[Black "Patola, Eero"]
[Result "1-0"]
[WhiteElo "2194"]
[BlackElo "1959"]
[PlyCount "59"]
[EventDate "2006.10.20"]
[EventType "swiss"]
[EventRounds "9"]
[EventCountry "ESP"]
[Source "lmi"]
[SourceDate "2006.10.20"]

1. e4 d5 2. exd5 Qxd5 3. Nc3 Qa5 4. Bc4 Nf6 5. Nf3 c6 6. Qe2 Bf5 7. Ne5 e6 8.
g4 Bg6 9. h4 Bd6 10. f4 Bxe5 11. fxe5 Nfd7 12. h5 Bxc2 13. d4 b5 14. Qxc2 bxc4
15. O-O Qb6 16. Qf2 Rf8 17. h6 g6 18. Bg5 c5 19. Ne4 f6 20. exf6 Rf7 21. dxc5
Qc7 22. Nd6+ Kf8 23. Nxf7 Kxf7 24. Bf4 Qxc5 25. Rad1 Qb6 26. Bxb8 Nxb8 27. Qxb6
axb6 28. Rd8 b5 29. g5 b4 30. Rh8 1-0

[Event "6. Open Veteranos de Calviá"]
[Site "Calviá ESP"]
[Date "2006.10.25"]
[Round "6.6"]
[White "Estrada Martinez, Cesar"]
[Black "Anguera Maestro, Jaime"]
[Result "1-0"]
[WhiteElo "2167"]
[BlackElo "2214"]
[PlyCount "67"]
[EventDate "2006.10.20"]
[EventType "swiss"]
[EventRounds "9"]
[EventCountry "ESP"]
[Source "lmi"]
[SourceDate "2006.10.20"]

1. Nf3 g6 2. c4 Bg7 3. d4 Nf6 4. Nc3 d5 5. cxd5 Nxd5 6. e4 Nxc3 7. bxc3 c5 8.
Be3 O-O 9. Be2 Nc6 10. O-O Bg4 11. d5 Na5 12. Bxc5 Bxc3 13. Rc1 Bg7 14. Bd4
Bxf3 15. Bxf3 Bxd4 16. Qxd4 b6 17. Bg4 Nb7 18. Rfd1 Nc5 19. e5 Rb8 20. f4 e6
21. d6 Qh4 22. Bf3 f6 23. g3 Qh3 24. Rf1 fxe5 25. fxe5 Qh6 26. Bg4 Qg7 27.
Rxf8+ Qxf8 28. Rf1 Qh6 29. Rf4 Qg7 30. Rf6 Re8 31. d7 Rd8 32. Bxe6+ Kh8 33. Bh3
Nxd7 34. Rd6 1-0

[Event "6. Open Veteranos de Calviá"]
[Site "Calviá ESP"]
[Date "2006.10.25"]
[Round "6.7"]
[White "Berry, Stephen"]
[Black "Batalla Batalla, Josep"]
[Result "1-0"]
[WhiteElo "2365"]
[BlackElo "2127"]
[PlyCount "122"]
[EventDate "2006.10.20"]
[EventType "swiss"]
[EventRounds "9"]
[EventCountry "ESP"]
[Source "lmi"]
[SourceDate "2006.10.20"]

1. e4 c5 2. Nf3 Nc6 3. Bb5 g6 4. O-O Bg7 5. c3 e5 6. d4 cxd4 7. cxd4 exd4 8.
Bf4 Nge7 9. Bd6 O-O 10. a4 a6 11. Bc4 Qa5 12. Nbd2 Re8 13. Nb3 Qh5 14. Nbxd4
Nxd4 15. Nxd4 Qxd1 16. Raxd1 Nc6 17. Nf3 Nd8 18. e5 Ne6 19. a5 Bf8 20. b4 Be7
21. Bxe7 Rxe7 22. Rd6 Nc7 23. Rfd1 Rb8 24. h4 b5 25. axb6 Ne8 26. R6d4 Rxb6 27.
Ba2 Kg7 28. Nd2 Rb5 29. f4 Bb7 30. Nb3 Bc6 31. Na5 Rb6 32. Nxc6 dxc6 33. Kh2
Kf8 34. Kg3 Reb7 35. Kg4 Ke7 36. Rc1 Ng7 37. Rd6 Rc7 38. Rf6 Ke8 39. g3 Nf5 40.
e6 fxe6 41. Rxe6+ Re7 42. h5 Nd4 43. Rxe7+ Kxe7 44. Rc4 Nf5 45. Re4+ Kf6 46.
Re6+ Kg7 47. hxg6 Nh6+ 48. Kh4 hxg6 49. Bb1 Nf5+ 50. Bxf5 gxf5 51. Kg5 Rxb4 52.
Kxf5 Rb5+ 53. Kg4 Rc5 54. f5 a5 55. Kg5 Kf7 56. Rh6 a4 57. Rh7+ Ke8 58. Ra7 Rc3
59. g4 a3 60. Kf6 Rd3 61. g5 Rd6+ 1-0

[Event "6. Open Veteranos de Calviá"]
[Site "Calviá ESP"]
[Date "2006.10.25"]
[Round "6.8"]
[White "Simon Padros, Emili"]
[Black "Forteza Valls, Jose Maria"]
[Result "1/2-1/2"]
[WhiteElo "2260"]
[BlackElo "2105"]
[PlyCount "47"]
[EventDate "2006.10.20"]
[EventType "swiss"]
[EventRounds "9"]
[EventCountry "ESP"]
[Source "lmi"]
[SourceDate "2006.10.20"]

1. e4 d6 2. d4 Nf6 3. Nc3 c6 4. f3 Qc7 5. Be3 g6 6. Qd2 h5 7. Nh3 Bxh3 8. gxh3
Nbd7 9. O-O-O Bg7 10. f4 e6 11. Rg1 Bh6 12. f5 Bxe3 13. Qxe3 Rg8 14. fxe6 fxe6
15. Bc4 Nf8 16. Rgf1 Qe7 17. Qf2 N8d7 18. e5 dxe5 19. dxe5 Nd5 20. Ne4 O-O-O
21. Nd6+ Kb8 22. Qg3 Rg7 23. Bxd5 cxd5 24. Rf6 1/2-1/2

[Event "6. Open Veteranos de Calviá"]
[Site "Calviá ESP"]
[Date "2006.10.25"]
[Round "6.9"]
[White "Sarto Ramos, Angel"]
[Black "Antigua Padros, Jordi"]
[Result "1/2-1/2"]
[WhiteElo "2069"]
[BlackElo "2160"]
[PlyCount "110"]
[EventDate "2006.10.20"]
[EventType "swiss"]
[EventRounds "9"]
[EventCountry "ESP"]
[Source "lmi"]
[SourceDate "2006.10.20"]

1. d4 e6 2. Nf3 d5 3. Nbd2 f5 4. Nb3 Nf6 5. Bf4 Be7 6. Nc5 b6 7. Nd3 O-O 8. e3
c5 9. Be2 Nc6 10. Nfe5 Bd7 11. Nxc6 Bxc6 12. Ne5 Bb7 13. h4 Nd7 14. h5 Nxe5 15.
Bxe5 Bf6 16. f4 Bxe5 17. dxe5 d4 18. Bf3 Be4 19. Qe2 Qd5 20. b3 Rfd8 21. Rd1
Bxf3 22. Qxf3 Qe4 23. Qxe4 fxe4 24. g4 Rd5 25. Ke2 Rad8 26. Rh3 b5 27. exd4
cxd4 28. c3 Rc8 29. Rxd4 Rxd4 30. cxd4 Rc2+ 31. Kd1 Rxa2 32. Re3 a5 33. f5 exf5
34. gxf5 a4 35. d5 Rf2 36. bxa4 Rxf5 37. Rxe4 bxa4 38. d6 Kf8 39. d7 Ke7 40. e6
Ra5 41. Kc2 Ra8 42. Rc4 Rd8 43. Rc8 g5 44. hxg6 hxg6 45. Kc3 a3 46. Kb3 g5 47.
Kxa3 g4 48. Kb4 g3 49. Kb5 g2 50. Rc1 Rg8 51. Rg1 Rg3 52. Kc6 Rc3+ 53. Kd5 Rc2
54. Ke4 Re2+ 55. Kf3 Rxe6 1/2-1/2

[Event "6. Open Veteranos de Calviá"]
[Site "Calviá ESP"]
[Date "2006.10.25"]
[Round "6.10"]
[White "Tejero Royo, Fermin"]
[Black "Salgado Gonzalez, Julio"]
[Result "1/2-1/2"]
[WhiteElo "2159"]
[BlackElo "1955"]
[PlyCount "63"]
[EventDate "2006.10.20"]
[EventType "swiss"]
[EventRounds "9"]
[EventCountry "ESP"]
[Source "lmi"]
[SourceDate "2006.10.20"]

1. e4 Nc6 2. d4 d5 3. e5 Bf5 4. c3 f6 5. f4 e6 6. Bd3 Nh6 7. Bxf5 Nxf5 8. Nf3
fxe5 9. fxe5 Be7 10. Qd3 O-O 11. Be3 b5 12. Nbd2 a6 13. Bf2 Na5 14. O-O Nb7 15.
a4 b4 16. c4 c5 17. cxd5 exd5 18. b3 cxd4 19. Nxd4 Nc5 20. Qh3 g6 21. Nxf5 Rxf5
22. Bd4 Rxf1+ 23. Rxf1 Qd7 24. Qxd7 Nxd7 25. Rc1 Bg5 26. Rc7 Nf8 27. Nf3 Ne6
28. Rd7 Nxd4 29. Nxg5 Nxb3 30. Nxh7 Nc5 31. Nf6+ Kf8 32. Nh7+ 1/2-1/2

[Event "6. Open Veteranos de Calviá"]
[Site "Calviá ESP"]
[Date "2006.10.25"]
[Round "6.11"]
[White "Penalver Guardia, Josep"]
[Black "Feiguelman, Boris Dr"]
[Result "1-0"]
[WhiteElo "1918"]
[BlackElo "2092"]
[PlyCount "95"]
[EventDate "2006.10.20"]
[EventType "swiss"]
[EventRounds "9"]
[EventCountry "ESP"]
[Source "lmi"]
[SourceDate "2006.10.20"]

1. d4 g6 2. Nf3 Bg7 3. c4 c6 4. Nc3 d5 5. cxd5 cxd5 6. Qb3 Nf6 7. Bf4 O-O 8. h3
Nc6 9. e3 b6 10. Rc1 Bb7 11. Bd3 Rc8 12. O-O e6 13. a3 Nh5 14. Bh2 f5 15. Ne2
Qe7 16. Rc3 Na5 17. Qa2 Rxc3 18. Nxc3 Rc8 19. Ne5 Nf6 20. Ne2 Nd7 21. Nf3 Bf8
22. Rc1 Rxc1+ 23. Nxc1 Nf6 24. Ne5 Qc7 25. Qb1 Bd6 26. f4 Ne4 27. Bxe4 dxe4 28.
Na2 Bxe5 29. fxe5 Qc4 30. Nc3 Ba6 31. Bg3 Qb3 32. Qc1 Nc4 33. Nd1 g5 34. Be1
Kf7 35. Bc3 Bb7 36. Nf2 Bd5 37. Nh1 h5 38. g4 h4 39. Nf2 Bc6 40. gxf5 exf5 41.
Ng4 Kg6 42. Nf6 Ba4 43. d5 Qd1+ 44. Qxd1 Bxd1 45. d6 Kf7 46. d7 Ke7 47. Bb4+
Kd8 48. e6 1-0

[Event "6. Open Veteranos de Calviá"]
[Site "Calviá ESP"]
[Date "2006.10.25"]
[Round "6.12"]
[White "Kozarcanin, Sead"]
[Black "Castan Sanclemente, Alejandro"]
[Result "1-0"]
[WhiteElo "2213"]
[BlackElo "1982"]
[PlyCount "31"]
[EventDate "2006.10.20"]
[EventType "swiss"]
[EventRounds "9"]
[EventCountry "ESP"]
[Source "lmi"]
[SourceDate "2006.10.20"]

1. e4 e5 2. Nc3 Nf6 3. g3 Bc5 4. Bg2 O-O 5. d3 d6 6. Nf3 Bg4 7. h3 Bh5 8. Na4
Nbd7 9. O-O h6 10. g4 Bg6 11. Nh4 Nh7 12. Nf5 b5 13. Nxc5 Nxc5 14. d4 exd4 15.
Qxd4 Rb8 16. Qxg7# 1-0

[Event "6. Open Veteranos de Calviá"]
[Site "Calviá ESP"]
[Date "2006.10.25"]
[Round "6.13"]
[White "Pomar Mir, Francisco"]
[Black "Buxade Roca, Guillermo"]
[Result "1/2-1/2"]
[WhiteElo "1996"]
[BlackElo "2205"]
[PlyCount "89"]
[EventDate "2006.10.20"]
[EventType "swiss"]
[EventRounds "9"]
[EventCountry "ESP"]
[Source "lmi"]
[SourceDate "2006.10.20"]

1. Nf3 d5 2. d4 Nf6 3. c4 c6 4. Nc3 e6 5. e3 Nbd7 6. Bd3 a6 7. O-O dxc4 8. Bxc4
b5 9. Bd3 c5 10. e4 cxd4 11. Nxd4 Bb7 12. Bg5 Be7 13. Nf3 O-O 14. Qe2 b4 15.
Na4 Qa5 16. b3 h6 17. Bh4 Rfd8 18. Rac1 Rac8 19. Rfd1 Ne5 20. Nxe5 Rxc1 21.
Rxc1 Qxe5 22. Re1 a5 23. Nb2 Qd4 24. Bb1 e5 25. Rd1 Qc5 26. Rxd8+ Bxd8 27. Nc4
g5 28. Bg3 Bc7 29. Qe3 Qxe3 30. fxe3 Nd7 31. Be1 Nc5 32. Nd2 f6 33. Bc2 Kf7 34.
Kf2 Ke7 35. g4 Ba6 36. Nc4 Kd7 37. Kf3 Kc6 38. h3 Bc8 39. a3 bxa3 40. Nxa3 Be6
41. b4 axb4 42. Bxb4 Bd6 43. Be1 Kb6 44. Nb1 Kb5 45. Nd2 1/2-1/2

[Event "6. Open Veteranos de Calviá"]
[Site "Calviá ESP"]
[Date "2006.10.25"]
[Round "6.14"]
[White "Klempt, Guenter"]
[Black "Gonzalo Gonzalez, Francisco"]
[Result "0-1"]
[WhiteElo "2071"]
[BlackElo "1921"]
[PlyCount "104"]
[EventDate "2006.10.20"]
[EventType "swiss"]
[EventRounds "9"]
[EventCountry "ESP"]
[Source "lmi"]
[SourceDate "2006.10.20"]

1. d4 e5 2. dxe5 Nc6 3. Nf3 Qe7 4. e4 b6 5. Nc3 Nxe5 6. Bf4 Nxf3+ 7. Qxf3 Bb7
8. O-O-O f5 9. Nd5 fxe4 10. Nxc7+ Kd8 11. Qb3 Rc8 12. Ne6+ Ke8 13. Nxf8 Qxf8
14. Bd6 Qf7 15. Qxf7+ Kxf7 16. b3 Nf6 17. Bc4+ Kg6 18. f3 h5 19. fxe4 Bxe4 20.
Bd3 Rc6 21. Be5 d5 22. Bxf6 Kxf6 23. Bxe4 dxe4 24. Rhf1+ Kg6 25. Rde1 Re8 26.
Re3 Rf6 27. Rfe1 Kf5 28. Kb2 Rd6 29. R1e2 h4 30. c4 Rd4 31. Kc3 Red8 32. Rf2+
Ke5 33. Rf7 Rd3+ 34. Rxd3 Rxd3+ 35. Kc2 Rd6 36. Re7+ Kf4 37. Rxg7 Ke3 38. Rg4
Rd2+ 39. Kc1 Rxa2 40. Rxh4 Rxg2 41. Rh3+ Kf2 42. Kd2 Rg7 43. Rh6 Rd7+ 44. Kc2
e3 45. Rf6+ Ke1 46. Rg6 Rd2+ 47. Kc1 Rxh2 48. Rg1+ Kf2 49. Rg7 Rh3 50. Rf7+ Rf3
51. Rxf3+ Kxf3 52. Kd1 Kf2 0-1

[Event "6. Open Veteranos de Calviá"]
[Site "Calviá ESP"]
[Date "2006.10.25"]
[Round "6.15"]
[White "Pellicer Sancho, Rafael Jose"]
[Black "Perez Pascual, Arturo"]
[Result "0-1"]
[WhiteElo "1961"]
[BlackElo "2015"]
[PlyCount "82"]
[EventDate "2006.10.20"]
[EventType "swiss"]
[EventRounds "9"]
[EventCountry "ESP"]
[Source "lmi"]
[SourceDate "2006.10.20"]

1. e4 e5 2. Nf3 Nf6 3. Nc3 Bb4 4. d3 d5 5. exd5 Nxd5 6. Bd2 O-O 7. Nxd5 Bxd2+
8. Qxd2 Qxd5 9. Be2 Nc6 10. O-O h6 11. c3 Bg4 12. h3 Bh5 13. Nh2 Bg6 14. c4 Qd6
15. Qc3 Nd4 16. Bd1 c6 17. Re1 Rfe8 18. Re3 Rad8 19. Nf3 Kh8 20. Nxd4 exd4 21.
Rxe8+ Rxe8 22. Qd2 Bxd3 23. Bb3 Be4 24. Re1 c5 25. Bc2 Bc6 26. Rxe8+ Bxe8 27.
Qe2 Qe6 28. Qd3 g6 29. Kf1 Bc6 30. f3 Kg7 31. b3 a6 32. Kf2 Qe5 33. Kg1 Bd7 34.
Qe4 Qxe4 35. fxe4 Kf6 36. Kf2 h5 37. Kf3 Ke5 38. Kg3 Bc6 39. Kf3 f5 40. g4
hxg4+ 41. hxg4 Bxe4+ 0-1

[Event "6. Open Veteranos de Calviá"]
[Site "Calviá ESP"]
[Date "2006.10.25"]
[Round "6.16"]
[White "Diaz Begonte, Manuel"]
[Black "Serra Olives, Tomas"]
[Result "0-1"]
[WhiteElo "1897"]
[BlackElo "2132"]
[PlyCount "30"]
[EventDate "2006.10.20"]
[EventType "swiss"]
[EventRounds "9"]
[EventCountry "ESP"]
[Source "lmi"]
[SourceDate "2006.10.20"]

1. e4 e5 2. f4 exf4 3. Nf3 d5 4. e5 c5 5. Bb5+ Nc6 6. O-O g5 7. d4 Be6 8. h4 h6
9. Nh2 Nge7 10. Qh5 Ng6 11. Ng4 Bg7 12. c3 Qd7 13. hxg5 Bxg4 14. Bxc6 bxc6 15.
Qh2 hxg5 0-1

[Event "6. Open Veteranos de Calviá"]
[Site "Calviá ESP"]
[Date "2006.10.25"]
[Round "6.17"]
[White "Campos Calvo-Sotelo, Juan"]
[Black "Solsona Manonelles, Josep"]
[Result "1-0"]
[WhiteElo "2086"]
[BlackElo "1832"]
[PlyCount "87"]
[EventDate "2006.10.20"]
[EventType "swiss"]
[EventRounds "9"]
[EventCountry "ESP"]
[Source "lmi"]
[SourceDate "2006.10.20"]

1. b4 Nf6 2. c4 e5 3. a3 c5 4. bxc5 Bxc5 5. e3 O-O 6. Nc3 d6 7. Na4 Nc6 8. Nxc5
dxc5 9. Bb2 Re8 10. h3 b6 11. d3 Bb7 12. Nf3 h6 13. Be2 Qc7 14. O-O Rac8 15.
Qc2 Qd6 16. Rad1 Qe6 17. Rfe1 a6 18. d4 exd4 19. exd4 cxd4 20. Nxd4 Nxd4 21.
Bxd4 Be4 22. Qb2 Qc6 23. f3 Bg6 24. Bf1 Rb8 25. Rxe8+ Nxe8 26. c5 b5 27. Kh2 f6
28. Bc4+ Bf7 29. Bd3 Nc7 30. Qf2 Rd8 31. Be4 Bd5 32. Bb1 Ne6 33. Be3 Qc7+ 34.
Kg1 Bb3 35. Rxd8+ Qxd8 36. Be4 Bd5 37. Bb1 Bb3 38. Bf5 Qd1+ 39. Kh2 Qd5 40. Be4
Qd7 41. c6 Qd6+ 42. Qg3 Qc7 43. Bf5 Kf7 44. Bxe6+ 1-0

[Event "6. Open Veteranos de Calviá"]
[Site "Calviá ESP"]
[Date "2006.10.25"]
[Round "6.18"]
[White "Mercadal Melia, Dante"]
[Black "Alonso Perez, Jose Ramon"]
[Result "1-0"]
[WhiteElo "1973"]
[BlackElo "2036"]
[PlyCount "29"]
[EventDate "2006.10.20"]
[EventType "swiss"]
[EventRounds "9"]
[EventCountry "ESP"]
[Source "lmi"]
[SourceDate "2006.10.20"]

1. e4 e5 2. Nf3 Nc6 3. d4 exd4 4. c3 d3 5. Bxd3 d6 6. Bc4 Be7 7. Qb3 Na5 8.
Bxf7+ Kf8 9. Qa4 Kxf7 10. Qxa5 Nf6 11. Ng5+ Kg6 12. f4 Ng4 13. f5+ Kf6 14. Qd5
Ne5 15. Ne6 1-0

[Event "6. Open Veteranos de Calviá"]
[Site "Calviá ESP"]
[Date "2006.10.25"]
[Round "6.19"]
[White "Perez Cameselle, Francisco"]
[Black "Gomez Feria, Jose Maria"]
[Result "1-0"]
[WhiteElo "1981"]
[BlackElo "1973"]
[PlyCount "99"]
[EventDate "2006.10.20"]
[EventType "swiss"]
[EventRounds "9"]
[EventCountry "ESP"]
[Source "lmi"]
[SourceDate "2006.10.20"]

1. Nf3 Nf6 2. g3 c5 3. Bg2 Nc6 4. O-O d5 5. d3 e5 6. Nbd2 Bd6 7. e4 d4 8. Nc4
Bc7 9. a4 Be6 10. Qe2 Bxc4 11. dxc4 h6 12. Kh1 Qd7 13. Bd2 Rd8 14. Ne1 O-O 15.
Nd3 b6 16. b3 a5 17. Rae1 Rde8 18. Qd1 Ne7 19. f4 exf4 20. gxf4 Ng6 21. e5 Nh7
22. Qh5 Bd8 23. e6 Rxe6 24. Rxe6 Qxe6 25. f5 Nf6 26. Qd1 Qd6 27. fxg6 fxg6 28.
Bf4 Qe6 29. Be5 Kh7 30. Bd5 Qe7 31. Qe1 Nxd5 32. Rxf8 Qxf8 33. cxd5 Qf3+ 34.
Kg1 Qxd5 35. Qf2 Kg8 36. Qg2 Qxg2+ 37. Kxg2 g5 38. Kf3 Kf7 39. Ke4 Ke6 40. Bxg7
h5 41. Be5 Kd7 42. Kd5 h4 43. h3 Be7 44. Bb8 Kc8 45. Be5 Kb7 46. Bg7 Kc7 47.
Ne5 Bd6 48. Nf7 g4 49. Nxd6 gxh3 50. Be5 1-0